000 00918nas a2200289 4500
001 BR2013007345
003 BR-BrBNA
005 20231205122916.0
007 ta
008 230509b bl.|||p| |||| 00| 00por d
040 _aBR-BrBNA
_bpor
_cBiblioteca Nacional de Agricultura
041 _a(Pt)
072 _aD50; K10
100 1 _aAlmeida, A.N. de
100 1 _aAngelo, H.
100 1 _aSilva, J.C.G.L. da
100 1 _aSoares, P.R.C.
100 1 _aKanieski, M.R.
245 1 _aEfetividade do aumento da área de reserva legal por meio de instrumento legal na taxa de desmatamento da Amazônia Brasileira
650 _aLEGISLAÇÃO FLORESTAL
650 _aDESMATAMENTO
650 _aCONSERVAÇÃO
650 _aBIOMA
773 0 _tFloresta e Ambiente (Brazil)
_xISSN 1415-0980
_g(Apr-Jun 2013), v. 20(2) p. 143-148
_wBR2013007345
909 _a202311
_bLúcia
_c55
_dLúcia Elande
942 _2AGRIS
_n0
_cANA
999 _c231204
_d231204